00583 2200229 4500001002100000005001700021008004100038035002400079082001000103090001700113100001800130245004300148260002600191300002500217500002700242650002400269850001300293980001300306985000600319986001300325999001500338YOGYA-0209000002001620090227023359.0 ind  0010-020900000020016 a636.5 a636.5bInd B aINDARTO, PUDI aBeternak unggas berhasilcPudi Indarto aBandungbArmicoc1989 a124 hlmbilusc21 cm aBibliografi : hlm. 122 aUnggas - peternakan aYOPDYOGB a03/05/06 a1 artrevGMM aP000031137